000 01272cam a22003497a 4500
003 CHAP
005 20220329142352.0
008 001009d2000 mx r 00110 spa d
010 _a82488
011 _a83460
035 _a93973
040 _cCHAP
090 _aTesis
100 0 0 _aToledo Rosillo, Raúl Alberto.
_9113634
245 1 0 _aEfecto de fertilizantes foliares sobre el rendimiento y sus componentes en frijol de mata bajo temporal en Chapingo México
_c/por Raúl Alberto Toledo Rosillo.
260 _aChapingo, Méx. :
_bEl autor,
_c2000.
300 _a52 h. :
_bcuads., gráfs.
502 _aTesis (Ing. Agr. Esp. en Fitotecnia) -- UACH. Departamento de Fitotecnia.
590 _aALEPH
_b10
_c20130110
_lUCH01
_h1438
590 _aBATCH-UPD
_b10
_c20130110
_lUCH01
_h1034
590 _aBATCH-UPD
_b10
_c20130410
_lUCH01
_h0636
590 _aBATCH-UPD
_b10
_c20130913
_lUCH01
_h2154
590 _aCONVERSION
_b10
_c20130109
_lUCH01
_h1346
650 1 4 _aAgricultura de temporal.
_91999
650 1 4 _aFertilizantes
_xEfecto en frijol.
_940511
650 1 4 _aFrijol
_xRendimiento.
_943429
901 _aBK
905 _aEdna Luz
942 _cFOLL
949 _bBC
_cTES
_d33724000805883
_eTS2
_fc.2
_h37163
_i93973
_sb
949 _bBC
_cTES
_d939731
_eTS1
_h37162
_i93973
_sb
999 _c82488
_d82488